Abstracts of papers presented at the meeting on RNA tumor viruses

Сохранить в:
Библиографические подробности
Главный автор: Baltimore, David
Другие авторы: Rosenberg, Naomi
Формат:
Язык:английский
Опубликовано: Cold Spring Harbor, New York, USA Cold Spring Harbor Laboratory 1977
Предметы:
Метки: Добавить метку
Нет меток, Требуется 1-ая метка записи!

MARC

LEADER 00000nam a2200000 a 4500
001 UCT5199
003 CL-VaPUC
005 20240611102433.0
008 961205e19770000us 1 eng d
999 |c 382791  |d 382789 
040 |c Pontificia Universidad Católica de Valparaíso 
082 0 4 |a 576.64 BAL 1977  |2 21 
100 1 |a Baltimore, David  |9 618113 
245 1 0 |a Abstracts of papers presented at the meeting on RNA tumor viruses 
260 0 3 |a Cold Spring Harbor, New York, USA  |b Cold Spring Harbor Laboratory  |c 1977 
300 |a 155 páginas 
518 |p RNA Tumor Viruses, 25 al 29 de Mayo de 1977 
546 |a En Inglés 
583 |a last modification  |c 20150511 04:22:14  |k Rodrigo Vera 
650 0 0 |a Cáncer  |9 315942 
650 0 7 |a NEOPLASMAS MALIGNOS  |2 CL-VaPUC  |9 374473 
650 0 0 |a Ácido ribonucleico (ARN)  |9 373289 
650 0 0 |a Ácidos nucleicos  |9 348842 
650 0 0 |a Bioquímica   |9 259492 
650 0 0 |a Genética  |9 259443 
650 0 7 |a PROTEINAS  |2 CL-VaPUC  |9 618115 
700 1 |a Rosenberg, Naomi  |9 618114 
942 |c BK  |2 ddc 
945 |a paguirre  |d 19961205 00:00:00 
952 |0 0  |1 0  |2 ddc  |4 0  |6 576_640000000000000_BAL_1977  |7 0  |8 A  |9 504676  |a BIBCUR  |b BIBCUR  |d 2020-01-23  |i 1794159  |o 576.64 BAL 1977  |p 1794159  |r 2025-04-22  |t 1  |w 2020-01-23  |y BK  |k BIO